Myška v knižke a iné básničky a rapotačky (Record no. 21596)
[ view plain ]
| 000 -LEADER | |
|---|---|
| fixed length control field | 01639cam a2200457 a 4500 |
| 001 - CONTROL NUMBER | |
| control field | 21596 |
| 003 - CONTROL NUMBER IDENTIFIER | |
| control field | VRT |
| 005 - DATE AND TIME OF LATEST TRANSACTION | |
| control field | 20260306134429.0 |
| 008 - FIXED-LENGTH DATA ELEMENTS--GENERAL INFORMATION | |
| fixed length control field | 220107s2004 xo a b 000 p slo |
| 015 ## - NATIONAL BIBLIOGRAPHY NUMBER | |
| National bibliography number | SNBA2005/06-02091 |
| 020 ## - INTERNATIONAL STANDARD BOOK NUMBER | |
| International Standard Book Number | 8080642206 |
| Qualifying information | (viazané) |
| 035 ## - SYSTEM CONTROL NUMBER | |
| System control number | urn:nbn:sk:snk-am00g3v0 |
| 035 ## - SYSTEM CONTROL NUMBER | |
| System control number | urn:nbn:sk:snk-am3iyff |
| 035 ## - SYSTEM CONTROL NUMBER | |
| System control number | D5FA82BC-8C0A-4C72-87B5-896D83F50FB9 |
| 039 #9 - LEVEL OF BIBLIOGRAPHIC CONTROL AND CODING DETAIL [OBSOLETE] | |
| Level of rules in bibliographic description | 202202151359 |
| Level of effort used to assign nonsubject heading access points | msnk04 |
| Level of effort used to assign subject headings | 202201070939 |
| Level of effort used to assign classification | VLOAD |
| Level of effort used to assign subject headings | 202201051625 |
| Level of effort used to assign classification | VLOAD |
| Level of effort used to assign subject headings | 202108180838 |
| Level of effort used to assign classification | msnk115 |
| 040 ## - CATALOGING SOURCE | |
| Original cataloging agency | SNK |
| Language of cataloging | slo |
| Transcribing agency | SNK |
| Description conventions | AACR2 |
| 041 0# - LANGUAGE CODE | |
| Language code of text/sound track or separate title | slo |
| 044 ## - COUNTRY OF PUBLISHING/PRODUCING ENTITY CODE | |
| MARC country code | xo |
| ISO country code | SK |
| 072 #7 - SUBJECT CATEGORY CODE | |
| Subject category code | 821.162.4-1 |
| Subject category code subdivision | Slovenská poézia |
| Source | konspekt |
| 072 #7 - SUBJECT CATEGORY CODE | |
| Subject category code | 821-93 |
| Subject category code subdivision | Literatúra pre deti a mládež |
| Source | konspekt |
| 080 ## - UNIVERSAL DECIMAL CLASSIFICATION NUMBER | |
| Universal Decimal Classification number | 821-93 |
| Edition identifier | 1997 |
| 080 ## - UNIVERSAL DECIMAL CLASSIFICATION NUMBER | |
| Universal Decimal Classification number | (0:82-193) |
| Edition identifier | 1997 |
| 080 ## - UNIVERSAL DECIMAL CLASSIFICATION NUMBER | |
| Universal Decimal Classification number | 821.162.4-1 |
| Edition identifier | 1997 |
| 100 1# - MAIN ENTRY--PERSONAL NAME | |
| Personal name | Mišíková, Ivona |
| Relationship | aut |
| 245 10 - TITLE STATEMENT | |
| Title | Myška v knižke a iné básničky a rapotačky |
| Statement of responsibility, etc. | Ivona Mišíková ; ilustrácie Ján Vrabec |
| 250 ## - EDITION STATEMENT | |
| Edition statement | [1. vyd.] |
| 260 ## - PUBLICATION, DISTRIBUTION, ETC. | |
| Place of publication, distribution, etc. | Žilina |
| Name of publisher, distributor, etc. | Knižné centrum |
| Date of publication, distribution, etc. | 2004 |
| 300 ## - PHYSICAL DESCRIPTION | |
| Extent | 21 strán |
| Other physical details | farebné ilustrácie |
| Dimensions | 25 cm |
| 500 ## - GENERAL NOTE | |
| General note | Farebné ilustrácie na titulnej strane a frontspice |
| 655 #7 - INDEX TERM--GENRE/FORM | |
| Genre/form data or focus term | slovenská poézia |
| Source of term | SNKPH |
| 655 #7 - INDEX TERM--GENRE/FORM | |
| Genre/form data or focus term | riekanky |
| Source of term | SNKPH |
| 655 #7 - INDEX TERM--GENRE/FORM | |
| Genre/form data or focus term | poézia pre deti |
| Source of term | SNKPH |
| 655 #7 - INDEX TERM--GENRE/FORM | |
| Genre/form data or focus term | literatúra pre deti |
| Source of term | SNKPH |
| 700 1# - ADDED ENTRY--PERSONAL NAME | |
| Personal name | Vrabec, Ján, |
| Dates associated with a name | 1959- |
| Relationship | ill |
| 910 ## - USER-OPTION DATA (OCLC) | |
| User-option data | snk |
| 942 ## - ADDED ENTRY ELEMENTS (KOHA) | |
| Source of classification or shelving scheme | Dewey Decimal Classification |
| Koha item type | Krásna literatúra pre deti |
| Suppress in OPAC | No |
| 949 ## - LOCAL PROCESSING INFORMATION (OCLC) | |
| 6 | 270001000259209 |
| a | svkbbB 36437 |
| b | svkbbm 660876 |
| o | TL; |
| 949 ## - LOCAL PROCESSING INFORMATION (OCLC) | |
| 6 | 273K0476085 |
| a | svkpoB 74763 |
| b | svkpo478574 |
| 949 ## - LOCAL PROCESSING INFORMATION (OCLC) | |
| 6 | 17A0457687 |
| a | snkSC 118887 |
| b | snk2005/2052 |
| o | 181/05 |
| s | 6100:20210727 |
| 949 ## - LOCAL PROCESSING INFORMATION (OCLC) | |
| 6 | 17A0457688 |
| a | snkSC 118887 D1 |
| b | snk2005/2053 |
| o | 181/05 |
| Stav vyradenia | Strata | Poškodenie | Spôsob nadobudnutia | Domovská knižnica | Aktuálna knižnica | Dátum nadobudnutia | Total checkouts | Čiarový kód exemplára | Date last seen | Typ exemplára |
|---|---|---|---|---|---|---|---|---|---|---|
| Dar | Obecná knižnica Horná Štubňa | Obecná knižnica Horná Štubňa | 06.03.2026 | 9788080642204 | 06.03.2026 | Krásna literatúra pre deti | ||||
| Dar | Obecná knižnica Turčianska Štiavnička | Obecná knižnica Turčianska Štiavnička | 09.03.2026 | 4738000271 | 09.03.2026 | Krásna literatúra pre deti |
